[Event "7 slow players under 1099"]
[Site "SchemingMind.com"]
[Date "2018.01.05"]
[Round "-"]
[White "Henk Miedema"]
[Black "Kwame"]
[Result "0-1"]
[WhiteCountry "NED"]
[BlackCountry "USA"]
[WhiteElo "939"]
[WhiteRD "63"]
[BlackElo "891"]
[BlackRD "76"]
[GameID "422829"]

1. Nf3 e6 2. d4 Nc6 3. e3 Nf6 4. b3 Nd5 5. Bd3 Nf6 6. O-O d5 7. Bb2 Bd6 8. Nc3 b6 9. Qc1 O-O 10. Ne2 Re8
11. Qd2 Kf8 12. c3 a5 13. Nc1 Rb8 14. Qc2 g6 15. a4 Ke7 16. Ne2 Rg8 17. c4 Nb4 18. Qd2 Ra8 19. Bb1 Ne4 20. Qc1 Kf8
21. Bxe4 dxe4 22. Ng5 Qxg5 23. Qd2 Nd3 24. Bc3 Qh5 25. Ng3 Qg5 26. Qb2 Nxb2 27. Bxb2 f5 28. Rfe1 Bb4 29. Rac1 Bd6 30. Bc3 h5
31. d5 exd5 32. Ne2 c6 33. Bd2 Qf6 34. Bc3 Qf7 35. Nd4 Bd7 36. Ra1 c5 37. Nc2 h4 38. Re2 dxc4 39. f3 Qe6 40. h3 Bc6
41. f4 Be7 42. Rf2 Rd8 43. Bd2 Qd7 44. Bc3 Qd6 45. bxc4 Bf6 46. Kh2 Qd3 47. Bxf6 Re8 48. Ne1 Qxc4 49. Bb2 Bxa4 50. Be5 b5
51. Bd6+ Kf7 52. Be5 Rxe5 53. Rd2 Ke7 54. g4= Re6 55. Ng2 Qc3 56. Re2 Qxa1 57. Nxh4 Rd6 58. gxf5 Kf7 59. Rg2 Rd2 60. Rxd2 b4
61. Rd5 Qc3 62. Rd7+ Bxd7 63. Kg3 g5 64. Ng2 Bxf5
0-1

[Event "7 slow players under 1099"]
[Site "SchemingMind.com"]
[Date "2018.01.04"]
[Round "-"]
[White "Kwame"]
[Black "Wilco Ende"]
[Result "0-1"]
[WhiteCountry "USA"]
[BlackCountry "NED"]
[WhiteElo "831"]
[WhiteRD "78"]
[BlackElo "930"]
[BlackRD "75"]
[GameID "422830"]

1. Nc3 e5 2. e4 Be7 3. Nf3 d6 4. Bc4 Bg4 5. h3 Bh5 6. g4 Bg6 7. d4 Nf6 8. Be3 Nxe4 9. Bd3 Nxc3 10. bxc3 exd4
11. cxd4 Nc6 12. c4 Bxd3 13. Qxd3 d5 14. Rb1 a6 15. Rxb7 Qc8 16. Rb3 Na5 17. c5 Nxb3 18. Qxb3 Rb8 19. Qc2 Rb7 20. Ke2 Qb8
21. Ne5 Rb2 22. Rc1 Rxc2+ 23. Rxc2 O-O 24. Nd7 Qb1 25. Rd2 Rd8 26. Ne5 Rb8 27. Nc6 Re8 28. Nb4 Qxb4 29. f3 Bh4 30. f4 Qc3
31. Rd1 Qxe3+ 32. Kf1 Qe2+ 33. Kg1 Qxd1+ 34. Kg2 Re2+ 35. Kf3 Qd3#
0-1

[Event "7 slow players under 1099"]
[Site "SchemingMind.com"]
[Date "2018.01.05"]
[Round "-"]
[White "Wilco Ende"]
[Black "Kwame"]
[Result "1-0"]
[WhiteCountry "NED"]
[BlackCountry "USA"]
[WhiteElo "930"]
[WhiteRD "75"]
[BlackElo "831"]
[BlackRD "78"]
[GameID "422831"]

1. Nf3 c5 2. d3 d6 3. e4 Nf6 4. Be2 e5 5. Bd2 Nc6 6. O-O Bg4 7. Nc3 Be7 8. Nd5 Bf8 9. Ne1 Nd7 10. Bxg4 Ndb8
11. Be2 Ne7 12. Nf3 b6 13. Nxe7 Bxe7 14. a3 O-O 15. b3 Qd7 16. Bc1 Qe6 17. Bb2 a5 18. d4 Bf6 19. dxe5 Be7 20. exd6 Bd8
21. Ng5 Qg6 22. Re1 Qxg5 23. Qd3 Qg6 24. Rad1 Nc6 25. Qd5 Rc8 26. d7 Be7 27. dxc8=Q Rxc8 28. Qd7 Qd6 29. Rxd6 Bxd6 30. Qxc8+ Bf8
31. Rd1 g6 32. Qxc6
1-0